02092cam a22003014a 450000100090000000300040000900500170001300800410003001000170007102000260008802000180011403500180013204000230015004200080017305000230018107000230020408200210022710000240024824500850027225000120035726000450036930000460041450000200046050511790048065000220165970000260168185600830170715318540OSt20221029111532.0080603s2008 njua 001 0 eng  a 2008023261 a9780470247662 (cloth) a9788126546077 a(DNAL)1006314 aDNAL/DLCcDLCdDLC apcc00aQK711.2b.H67 20080 aQK711.2b.H67 200800a571.2222bHOP/I1 aHopkins, William G.10aIntroduction to plant physiology /cWilliam G. Hopkins and Norman P. A. Hüner. a4th ed. aHoboken, NJ :bJohn Wiley & Sons,c2008. axviii, 503 p. :bill. (some col.)c29 cm. aIncludes index.0 aPlant cells and water -- Whole plant water relations -- Roots, soils, and nutrient uptake -- Plants and inorganic nutrients -- Bioenergetics and ATP synthesis -- The dual role of sunlight: energy and information -- Energy conservation in photosynthesis: harvesting sunlight -- Energy conservation in photosynthesis: CO2 assimilation -- Allocation, translocation, and partitioning of photoassimilates -- Cellular respiration: unlocking the energy stored in photoassimilates -- Nitrogen assimilation -- Carbon and nitrogen assimilation and plant productivity -- Responses of plants to environmental stress -- Acclimation to environmental stress -- Adaptations to the environment -- Development: an overview -- Growth and development of cells -- Hormones I: Auxins -- Hormones II: Gibberellins -- Hormones III: Cytokinins -- Hormones IV: Abscisic acid, ethylene, and brassinosteroids -- Photomorphogenesis: responding to light -- Tropisms and nastic movements: orienting plants in space -- Measuring time: controlling development by photoperiod and endogenous clocks -- Flowering and fruit development -- Temperature: plant development and distribution -- Secondary metabolism. 0aPlant physiology.1 aHüner, Norman P. A.413Table of contents onlyuhttp://www.loc.gov/catdir/toc/ecip0820/2008023261.html